6 + 1 traits of writing : (Record no. 26942)

000 -LEADER
fixed length control field 01942cam a22003855a 4500
001 - CONTROL NUMBER
control field 13592104
005 - DATE AND TIME OF LATEST TRANSACTION
control field 20170207093735.0
008 - FIXED-LENGTH DATA ELEMENTS--GENERAL INFORMATION
fixed length control field 040513s2003 nyua b 001 0 eng d
010 ## - LIBRARY OF CONGRESS CONTROL NUMBER
LC control number 2004272693
020 ## - INTERNATIONAL STANDARD BOOK NUMBER
International Standard Book Number 0439280389
035 ## - SYSTEM CONTROL NUMBER
System control number (OCoLC)ocm51480866
040 ## - CATALOGING SOURCE
Original cataloging agency XSN
Transcribing agency XSN
Modifying agency UV$
-- OCLCQ
-- DLC
042 ## - AUTHENTICATION CODE
Authentication code lccopycat
050 00 - LIBRARY OF CONGRESS CALL NUMBER
Classification number LB1576
Item number .C846 2003
100 1# - MAIN ENTRY--PERSONAL NAME
Personal name Culham, Ruth.
245 10 - TITLE STATEMENT
Title 6 + 1 traits of writing :
Remainder of title the complete guide grades 3 and up /
Statement of responsibility, etc. by Ruth Culham.
246 3# - VARYING FORM OF TITLE
Title proper/short title 6+1 traits of writing
246 3# - VARYING FORM OF TITLE
Title proper/short title Six + one traits of writing
246 3# - VARYING FORM OF TITLE
Title proper/short title Six plus one traits of writing
260 ## - PUBLICATION, DISTRIBUTION, ETC. (IMPRINT)
Place of publication, distribution, etc. New York :
Name of publisher, distributor, etc. Scholastic Professional Books,
Date of publication, distribution, etc. c2003.
300 ## - PHYSICAL DESCRIPTION
Extent 304 p. :
Other physical details ill. ;
Dimensions 24 cm.
490 1# - SERIES STATEMENT
Series statement Theory and practice
500 ## - GENERAL NOTE
General note "Everything you need to teach and assess student writing with this powerful model"--Cover.
500 ## - GENERAL NOTE
General note "Foreword by Beverly Ann Chin"--Cover.
504 ## - BIBLIOGRAPHY, ETC. NOTE
Bibliography, etc Includes bibliographical references (p. 261-263) and index.
505 0# - FORMATTED CONTENTS NOTE
Formatted contents note The traits -- Ideas: digging for sapphires -- Organization: herding cats -- Voice: finding the golden thread -- Word choice: learning the lingo -- Sentence fluency: listening to the page -- Conventions: minding your table manners -- Presentation: rolling out the welcome mat.
650 #0 - SUBJECT ADDED ENTRY--TOPICAL TERM
Topical term or geographic name as entry element Language arts (Elementary)
650 #0 - SUBJECT ADDED ENTRY--TOPICAL TERM
Topical term or geographic name as entry element English language
General subdivision Composition and exercises.
906 ## - LOCAL DATA ELEMENT F, LDF (RLIN)
a 7
b cbc
c copycat
d 2
e ncip
f 20
g y-gencatlg
942 ## - ADDED ENTRY ELEMENTS (KOHA)
Source of classification or shelving scheme
Koha item type Hard Covered Materials
Classification part LB 1576 .C85 1995
Holdings
Withdrawn status Lost status Source of classification or shelving scheme Damaged status Not for loan Home library Current library Shelving location Date acquired Source of acquisition Total Checkouts Full call number Barcode Date last seen Price effective from Koha item type
          MACHAKOS UNIVERSITY LIBRARY MACHAKOS UNIVERSITY LIBRARY Technical section 07/02/2017 Donation (B.F.A)   LB 1576 .C85 1995 33344 08/06/2018 07/02/2017 Hard Covered Materials
© Machakos University Library, Along The Highway, Machakos Wote Rd, Machakos, Kenya P.O. Box 136 - 90100 Machakos - Kenya

Tel: ( +254 ) 723 805829 OR Fax : 044-20353 OR Email: library@mksu.ac.ke